Human Resource Management : Text and Cases
Gespeichert in:
| 1. Verfasser: | |
|---|---|
| Format: | Buch |
| Veröffentlicht: |
Taxmaan
|
| Tags: |
Keine Tags, Fügen Sie das erste Tag hinzu!
|
MARC
| LEADER | 00000nam a2200000Ia 4500 | ||
|---|---|---|---|
| 005 | 20260513122050.0 | ||
| 020 | |a 9789357780247 | ||
| 100 | |a Kapoor | ||
| 365 | |c Rs. | ||
| 365 | |b 20.00 | ||
| 942 | |c BK | ||
| 245 | |a Human Resource Management : Text and Cases | ||
| 260 | |b Taxmaan | ||
| 999 | |c 36 |d 36 | ||
| 952 | |0 0 |1 0 |4 0 |7 0 |a UNSW |b UNSW |d 2026-05-06 |g 1195.00 |i 16684 |l 0 |p 000121 |r 2026-05-13 12:20:50 |v 1195.00 |w 2026-05-13 |y BK | ||